La pintura holandesa

Guardat en:
Dades bibliogràfiques
Autor principal: Genaille, Robert (Autor)
Format: Llibre
Idioma:espanyol
Publicat: Barcelona Garriga 1958
Col·lecció:Colección pictura
Matèries:
Etiquetes: Afegir etiqueta
Sense etiquetes, Sigues el primer a etiquetar aquest registre!

MARC

LEADER 00000nam a2200000 a 4500
001 UCY4928
003 CL-VaPUC
008 950405e19580000SP |||||||||||||||||spa|d
082 0 4 |a 759.9492  |b GEN  |2 21 
100 |a Genaille, Robert  |e author  |9 574572 
245 1 3 |a La pintura holandesa 
300 |a 171 p 
942 |c BK 
945 |d 19950405 00:00:00  |a oaravena 
260 |a Barcelona  |b Garriga  |c 1958 
650 0 |a Pintura holandesa  |9 267860 
650 0 |a Pintura moderna  |9 265600 
583 |a last modification  |c 19950405 00:00:00  |k Rodrigo Vera 
490 0 |a Colección pictura 
999 |c 232676  |d 232674 
952 |0 0  |1 0  |4 0  |6 759_949200000000000_GEN_1958  |7 0  |8 A  |9 237480  |a BIBARQ  |b BIBARQ  |d 2019-11-15  |i 3074218  |o 759.9492 GEN 1958  |p 3074218  |r 2025-01-20  |w 2019-11-15  |y BK  |k ARQ